|
|
|
|
| LEADER |
00000nab a2200000 a 4500 |
| 001 |
vtls008992860 |
| 003 |
SK-MaSNL |
| 005 |
20260303211503.0 |
| 008 |
070525 20070524xo dr er 000 0 slo |
| 038 |
|
|
|a KEVKJB
|
| 040 |
|
|
|a KEVKJB
|b slo
|c KEVKJB
|e AACR2
|
| 041 |
0 |
|
|a slo
|
| 044 |
|
|
|a xo
|c SK
|
| 080 |
|
|
|a 792.54
|2 2001
|
| 245 |
0 |
0 |
|a Opera uvedie Donizettiho Nápoj lásky
|c [autor] (ato)
|
| 300 |
|
|
|b Obr.
|
| 600 |
1 |
7 |
|a Donizetti, Gaetano,
|d 1797-1848
|t Nápoj lásky
|2 kevkjb
|9 109864
|
| 610 |
2 |
7 |
|a Štátne divadlo Košice.
|b Opera
|2 kevkjb
|9 125500
|
| 650 |
0 |
7 |
|a opera
|2 kevkjb
|9 3212
|
| 651 |
|
7 |
|a Košice (Slovensko)
|2 kevkjb
|9 18694
|
| 773 |
0 |
|
|t Košický denník Korzár
|g Roč. X, č. 118 (24.5.2007), s. 4
|x 1335-4566
|
| 852 |
|
|
|a KEVKJB
|b KIS3GCP
|
| 856 |
4 |
1 |
|u www.korzar.sk
|
| 999 |
|
|
|c 2203030
|d 2204960
|